000 01133cab a2200301 4500
001 X3888
008 090401t1997 xxu||||| |||| 00| 0 eng d
035 _a(Sirsi) u33592
041 _aeng
245 _aShimizu (UK) Ltd v Westminster CC
260 _c1997
350 _a0
490 _aNew Property Cases
_v[1997] NPC 11(4)
520 _aHL 6 February 1997. The House of Lords disagrees with the view expressed by the SoS in Circular 8/87 as to the meaning of the words `listed building`. Listed building consent - alterations - Planning (Listed Buildings and Conservation Areas) Act 1990 s27(1)(a) - `building` - Town and Country Planning Act 1990 s336(1).
650 _aALTERATION
650 _aCOMPENSATION
650 _aDEMOLITION
650 _aLISTED BUILDING CONSENT
650 _aLISTED BUILDINGS
650 _aPLANNING (LISTED BUILDINGS AND CONSERVATION AREAS) ACT 199
650 _aQUANTAS HOUSE
650 _aREFUSAL
650 _aSHIMIZU V WESTMINSTER CC
650 _aTOWN AND COUNTRY PLANNING ACT 1990 S336
690 _aPLANNING LAW AND PRACTICE-CASE LAW
942 _n0
948 _c04/03/1997
999 _c22417
_d22417